|
|
|
|
| LEADER |
00000nam0a2200000 4500 |
| 001 |
105995 |
| 005 |
20231101214638.0 |
| 035 |
|
|
|a (RuTPU)RU\TPU\book\114381
|
| 090 |
|
|
|a 105995
|
| 100 |
|
|
|a 20061129d1972 k y0rusy50 ca
|
| 101 |
0 |
|
|a rus
|
| 102 |
|
|
|a RU
|
| 105 |
|
|
|a a z 001zy
|
| 200 |
1 |
|
|a Очерки о движении космических тел
|f В. В. Белецкий
|
| 210 |
|
|
|a Москва
|c Наука
|d 1972
|
| 215 |
|
|
|a 359 с.
|c ил.
|
| 320 |
|
|
|a Список литературы: с. 345-353
|
| 320 |
|
|
|a Указ. имен. и предм.: с. 354-359
|
| 606 |
|
|
|a Небесная механика
|2 stltpush
|3 (RuTPU)RU\TPU\subj\71691
|9 85480
|
| 606 |
|
|
|a Космические летательные аппараты
|x Динамика
|2 stltpush
|3 (RuTPU)RU\TPU\subj\15802
|
| 610 |
1 |
|
|a космические аппараты
|
| 610 |
1 |
|
|a космические тела
|
| 610 |
1 |
|
|a динамика
|
| 610 |
1 |
|
|a задачи
|
| 610 |
1 |
|
|a орбиты
|
| 610 |
1 |
|
|a межпланетные полеты
|
| 610 |
1 |
|
|a космос
|
| 675 |
|
|
|a 629.78
|v 3
|
| 675 |
|
|
|a 521.1
|v 3
|
| 700 |
|
1 |
|a Белецкий
|b В. В.
|g Владимир Васильевич
|
| 801 |
|
1 |
|a RU
|b 63413507
|c 20061129
|g PSBO
|
| 801 |
|
2 |
|a RU
|b 63413507
|c 20140213
|g PSBO
|
| 942 |
|
|
|c BK
|